| 000 | 00812nmm a2200277 a 4500 | ||
|---|---|---|---|
| 001 | ocm000580769 | ||
| 003 | TR-IsHL | ||
| 005 | 20201028120301.0 | ||
| 008 | 130625s2011 tu tur | ||
| 007 | cr cn | ||
| 020 | _a9786055506605 | ||
| 035 |
_a580769 _b(N$T) |
||
| 050 | 0 | 4 |
_aPL248.B82 _bR89 2011 |
| 090 | 0 | 4 |
_aPL248.B82 _bR89 2011 |
| 100 | 1 | _aBudak, Ali | |
| 245 | 1 | 0 |
_aRüya-Kar _h[electronic resource] / _cAli Budak |
| 250 | _a1. bs. | ||
| 260 |
_aİstanbul : _bBilge Kültür Sanat, _c2011 |
||
| 300 | _a112 p. | ||
| 650 | 4 | _aDil ve Edebiyat | |
| 650 | 4 | _aLanguage and Literature | |
| 650 | 0 | _aTürk şiiri | |
| 650 | 0 | _aTurkish poetry | |
| 650 | 7 |
_aPOETRY / Middle Eastern _2bisacsh |
|
| 856 | 4 | 0 | _uhttp://search.ebscohost.com/login.aspx?direct=true&scope=site&db=e011xww&AN=580769 |
| 999 |
_c703 _d703 |
||